Each NFL Teams Best Defensive Player - Statistics

General Stats
  • This quiz has been taken 32 times
  • The average score is 15 of 32
Answer Stats
Hint Answer % Correct
Steelers T.J. Watt
81%
Rams Aaron Donald
74%
Bills Tre'Davious White
74%
Dolphins Xavien Howard
71%
Cowboys Micah Parsons
68%
Browns Myles Garrett
68%
Chiefs Chris Jones
65%
Chargers J.C. Jackson
65%
Bears Roquan Smith
65%
Giants Leonard Williams
61%
Ravens Marlon Humphrey
61%
Jets Quinnen Williams
61%
Eagles Darius Slay
55%
Patriots Matthew Judon
52%
Cardinals Budda Baker
48%
49ers Fred Warner
48%
Commanders Jonathan Allen
48%
Jaguars Josh Allen
48%
Raiders Maxx Crosby
45%
Colts Shaquille Leonard
45%
Packers Jaire Alexander
42%
Saints Cameron Jordan
39%
Seahawks Jamal Adams
39%
Broncos Justin Simmons
39%
Bengals Jessie Bates
35%
Buccaneers Lavonte David
35%
Panthers Brian Burns
32%
Falcons A.J. Terrell
29%
Vikings Eric Kendricks
23%
Titans Kevin Byard
19%
Texans Steven Nelson
3%
Lions Amani Oruwariye
0%
No matching quizzes found
Score Distribution
Percent of People with Each Score
Percentile by Number Answered
Your Score History
You have not taken this quiz